La economía de la educación superior en países en desarrollo (Record no. 66359)

MARC details
000 -CABECERA
campo de control de longitud fija 00632nam a2200217 a 4500
005 - FECHA Y HORA DE LA ÚLTIMA TRANSACCIÓN
campo de control 20210219153027.0
008 - ELEMENTOS DE LONGITUD FIJA--INFORMACIÓN GENERAL
campo de control de longitud fija 991125n 000 0 spa u
035 ## - NÚMERO DE CONTROL DEL SISTEMA
Número de control de sistema UPN01000073348
100 1# - ASIENTO PRINCIPAL--NOMBRE PERSONAL
Nombre de persona Psacharopoulos, George
222 ## - TÍTULO CLAVE
Título clave REVISTA DE LA EDUCACION SUPERIOR
245 ## - MENCIÓN DE TÍTULO
Título La economía de la educación superior en países en desarrollo
260 ## - PUBLICACIÓN, DISTRIBUCIÓN, ETC.
Lugar de publicación, distribución, etc. México
300 ## - DESCRIPCIÓN FÍSICA
Extensión 110-138
362 0# - FECHAS DE PUBLICACIÓN Y/O DESIGNACIÓN SECUENCIAL
Fecha de publicación y/o designación secuencial 1992 Vol. 21, no. 4(84), oct.-dic.
653 0# - TERMINO DE INDIZACION - NO CONTROLADO
Término no controlado FINANCIAMIENTO EDUCATIVO
653 0# - TERMINO DE INDIZACION - NO CONTROLADO
Término no controlado GASTO EDUCATIVO
653 0# - TERMINO DE INDIZACION - NO CONTROLADO
Término no controlado PAISES EN DESARROLLO
653 0# - TERMINO DE INDIZACION - NO CONTROLADO
Término no controlado POLITICA ECONOMICA
904 ## - ELEMENTOS DE DATOS D LOCAL, LDD (RLIN)
a AC
b 011159
905 ## - TIPO DE MATERIAL
Tipo de material Articulo

No items available.